书目信息 |
| 题名: |
Tibetan buddhist dagobas and architectural decoration
|
|
| 作者: | 吴庆洲 著 | |
| 分册: | ||
| 出版信息: | 北京 中国建筑工业出版社 2016 |
|
| 页数: | 95页 | |
| 开本: | 22cm | |
| 丛书名: | The series of 100 gems of Chinese architecture | |
| 单 册: | ||
| 中图分类: | TU-098.3 | |
| 科图分类: | ||
| 主题词: | 喇嘛宗--la ma zong--佛塔--建筑装饰--英文--图集 , 喇嘛宗--la ma zong--寺庙--建筑装饰--英文--图集 | |
| 电子资源: | ||
| ISBN: | 978-7-112-19322-6 | |
| 000 | 01320nam 2200289 450 | |
| 001 | 012018000539 | |
| 005 | 20190311094410.98 | |
| 010 | @a978-7-112-19322-6@dCNY68.00 | |
| 100 | @a20170218d2016 em y0chiy50 ba | |
| 101 | 0 | @aeng |
| 102 | @aCN@b110000 | |
| 105 | @aa z 000yy | |
| 200 | 1 | @aTibetan buddhist dagobas and architectural decoration@ftext photo by Wu Qingzhou@Ftext photo by Wu Qingzhou |
| 210 | @a北京@c中国建筑工业出版社@d2016 | |
| 215 | @a95页@c图 (部分彩图)@d22cm | |
| 225 | 2 | @aThe series of 100 gems of Chinese architecture |
| 312 | @a中文并列题名取自版权页 | |
| 314 | @a责任者Wu Qingzhou规范汉译姓名: 吴庆洲 | |
| 330 | @a本书以简要文字和大量精美图片, 宣传、介绍了藏传佛塔的溯源、演变, 藏塔的释文、曼荼罗探密、曼荼罗的种类、建筑中的佛国图式、别具风格的脊饰、雕塑艺术, 以及佛教建筑寺庙的细部、装饰等。作者引用许多藏传佛教的教义、经典来解释和分析藏传佛寺佛塔的形制和装饰特点, 深入浅出, 颇具学术性。 | |
| 410 | 0 | @12001 @aThe series of 100 gems of Chinese architecture |
| 510 | 1 | @a藏传佛塔与寺庙建筑装饰@zchi |
| 606 | 0 | @a喇嘛宗@Ala ma zong@x佛塔@x建筑装饰@x英文@j图集 |
| 606 | 0 | @a喇嘛宗@Ala ma zong@x寺庙@x建筑装饰@x英文@j图集 |
| 690 | @aTU-098.3@v5 | |
| 701 | 0 | @a吴庆洲@Awu qing zhou@4著 |
| 801 | 0 | @aCN@c20180813 |
| 905 | @a河南城建学院图书馆@b21355425-26@dTU-098.3@eW859@f2 | |
| Tibetan buddhist dagobas and architectural decoration/text photo by Wu Qingzhou.-北京:中国建筑工业出版社,2016 |
| 95页:图 (部分彩图);22cm.-(The series of 100 gems of Chinese architecture) |
| ISBN 978-7-112-19322-6:CNY68.00 |
| 本书以简要文字和大量精美图片, 宣传、介绍了藏传佛塔的溯源、演变, 藏塔的释文、曼荼罗探密、曼荼罗的种类、建筑中的佛国图式、别具风格的脊饰、雕塑艺术, 以及佛教建筑寺庙的细部、装饰等。作者引用许多藏传佛教的教义、经典来解释和分析藏传佛寺佛塔的形制和装饰特点, 深入浅出, 颇具学术性。 |
| ● |
| 相关链接 |
|
|
|
正题名:Tibetan buddhist dagobas and architectur
索取号:TU-098.3/W859
 
预约/预借
| 序号 | 登录号 | 条形码 | 馆藏地/架位号 | 状态 | 备注 |
| 1 | 1244214 | 212442141 | 建筑库101/101建筑库 9排2列3层/ [索取号:TU-098.3/W859] | 在馆 | |
| 2 | 1355425 | 213554250 | 建筑库101/101建筑库 101排7列2层/ [索取号:TU-098.3/W859] | 在馆 | |
| 3 | 1355426 | 213554269 | 建筑库101/101建筑库 101排7列2层/ [索取号:TU-098.3/W859] | 在馆 |